000 00697cab a2200217 4500
001 ABS49144
008 090401t1993 xxu||||| |||| 00| 0 eng d
035 _a(Sirsi) u70179
041 _aeng
041 0 _aeng
100 _aBarnett, A.
245 0 0 _aSky's the limit for airport retailing
260 _c1993
350 _a0
490 0 _aEstates Gazette
_v(9933) 21 August 1993, 24-25(2)
520 _aDiscusses the potential for retail developers at regional local authority airports. Includes a table showing retail floorspace at Britain's largest airports.
651 4 _aUINTED KINGDOM
690 _aPROPERTY-COMMERCIAL PROPERTY-RETAIL PROPERTY
942 _n0
948 _c04/03/1997
999 _c44148
_d44148